Statistics for Indian Cricket Teams

Click here to take the quiz!

General Stats

  • This quiz has been taken 464 times
    (448 since last reset)
  • The average score is 18 of 27

Answer Stats

Team % Correct
Mumbai
90%
Delhi
87%
Tamil Nadu
84%
Karnataka
83%
Punjab
79%
Kerala
77%
Jharkhand
76%
Uttar Pradesh
74%
Rajasthan
74%
Maharashtra
73%
Assam
72%
Andhra Pradesh
71%
Gujarat
70%
Madhya Pradesh
69%
Haryana
67%
Bengal
67%
Jammu and Kashmir
61%
Goa
61%
Himachal Pradesh
59%
Railways
59%
Hyderabad
55%
Saurashtra
54%
Baroda
50%
Odisha
45%
Services
42%
Tripura
38%
Vidarbha
38%

Score Distribution

Percentile by Number Answered

Percent of People with Each Score

Your Score History

You have not taken this quiz since the last reset